nba players - Statistics

General Stats
  • This quiz has been taken 8 times
  • The average score is 19 of 115
Answer Stats
Answer p % Correct
Lebron James p
100%
Anthony Davis -
63%
Joel Embiid -
63%
Nikola Jokic -
63%
Damian Lillard -
50%
Giannis Antetokounmpo --
50%
Luka Doncic -
50%
Michael Jordan -
50%
Anthony Edwards -
38%
Devin Booker -
38%
Dirk Nowitzki -
38%
James Harden p
38%
Jimmy Butler p
38%
Julius Erving -
38%
Kevin Durant -
38%
Kyrie Irving -
38%
Shaquille O'Neal -
38%
Tyrese Maxey -
38%
De'Aaron Fox -
25%
Dejounte Murray -------
25%
DeMar DeRozan -
25%
Donovan Mitchell -
25%
Jalen Brunson --
25%
Jamal Murray -
25%
Jaylen Brown -
25%
Jayson Tatum -
25%
Julius Randle -
25%
Kareem Abdul-Jabbar -
25%
Karl Anthony-Towns -
25%
Kawhi Leonard -
25%
Klay Thompson -
25%
Kobe Bryant -
25%
Larry Bird -
25%
Leo -
25%
Magic Johnson -
25%
Mitchell Robinson p
25%
Paolo Banchero --
25%
Paul George -
25%
Russell Westbrook p
25%
Tim Duncan --
25%
Austin Reaves -
13%
Bam Adebayo -
13%
Bill Russell -
13%
Bradley Beal -
13%
Brandon Ingram -
13%
Chris Paul -
13%
Darius Garland -
13%
Dennis Rodman -
13%
Draymond Green -
13%
Dwyane Wade -
13%
Evan Mobley -
13%
Grant Williams p
13%
Hakeem Olajuwon -
13%
Harrison Barnes p
13%
Isaiah Thomas ---
13%
Jalen Green -
13%
Jalen Williams p
13%
Ja Morant p
13%
Jaren Jackson Jr. -
13%
Jarrett Allen -
13%
Jason Kidd -
13%
Josh Hart -
13%
Jrue Holiday -
13%
Khris Middleton -
13%
Lamelo Ball -
13%
Lonzo Ball -
13%
Mikal Bridges -
13%
Oscar Robertson -
13%
Pascal Siakam -
13%
Ray Allen -
13%
Robert -
13%
Scottie Barnes -----
13%
Steve Nash --
13%
Trae Young -
13%
Tyler Herro -
13%
Victor Wembanyama -
13%
Zach LaVine -
13%
Zion Williamson ----
13%
Andrew Wiggins --
0%
AZEIL -
0%
Ben Simmons -
0%
Bob Pettit -
0%
Cade Cunningham -
0%
Carmelo Anthony -
0%
Charles Barkley -
0%
Collin Sexton p
0%
Deandre Ayton --
0%
Domantas Sabonis -
0%
Elgin Baylor --
0%
Gary Peyton -
0%
Hal Greer --
0%
Immanuel Quickley --
0%
Jayden -
0%
John Collins -
0%
John Havlicek -
0%
Jonas Valanciunas p
0%
Jordan Clarkson -
0%
Jordan Poole -
0%
Josh Giddey -
0%
Kyle Kuzma -
0%
Lauri Markkanen --
0%
Marcus Smart ------
0%
Mike Conley p
0%
Moses Malone -
0%
Myles Turner -
0%
Nathen -
0%
Patrick Ewing -
0%
Paul Pierce -
0%
Reggie Miller -
0%
Rick Gary --
0%
Scottie Pipen -
0%
Shai Gilgeous-Alexander --
0%
Steph Curry p
0%
TRISTEN --
0%
Tyrese Haliburton -
0%
No matching quizzes found
Score Distribution
Percent of People with Each Score
Percentile by Number Answered
Your Score History
You have not taken this quiz